Name the country - Statistics

General Stats
  • This quiz has been taken 48 times
  • The average score is 12 of 15
Answer Stats
Hint Answer % Correct
Beijing China
100%
Moscow Russia
100%
Berlin Germany
98%
Brasilia Brazil
96%
New Delhi India
96%
Dublin Ireland
93%
Havana Cuba
91%
Canberra Australia
87%
Tunis Tunisia
87%
Manila Philippines
84%
Santiago Chile
80%
Kuala Lumpur Malaysia
73%
Mogadishu Somalia
67%
Thimphu Bhutan
49%
Nusantara Indonesia
38%
No matching quizzes found
Score Distribution
Percent of People with Each Score
Percentile by Number Answered
Your Score History
You have not taken this quiz